ბათუმის შოთა რუსთაველის სახელმწიფო უნივერსიტეტის ბიბლიოთეკა

ძველი საქართველო [კოლხეთი და იბერია] სტრაბონის გეოგრაფიაში (ახალი კომენტარები) : (ბიბ.ჩანაწერი № 60012)

000 -ლიდერი
ფიქსირებული სიგრძის საკონტროლო ველი 01879nam a22002657a 4500
003 - საკონტროლო ნომრის იდენტიფიკატორი
საკონტროლო ველი Ge_BSU
005 - ბოლო ოპერაციის თარიღი და დრო
საკონტროლო ველი 20230530145316.0
008 - ფიქსირებული სიგრძის მონაცემთა ელემენტები - ზოგადი ინფორმაცია
ფიქსირებული სიგრძის საკონტროლო ველი 230530s2010 ge ||||| |||| 00| 0 geo d
020 ## - წიგნის საერთაშორისო სტანდარტული ნომერი
International Standard Book Number 97899928829505
041 ## - ენის კოდი
Language code of text/sound track or separate title geo
080 ## - უნივერსალური ათობითი კლასიფიკაციის ინდექსი
Universal Decimal Classification number 94(395.3)+39(=353.1) ლ-85
100 ## - მთავარი ჩანაწერი - პიროვნების სახელი
Personal name ლორთქიფანიძე, ოთარ
9 (RLIN) 1433
245 ## - ცნობა სათაურის შესახებ
Title ძველი საქართველო [კოლხეთი და იბერია] სტრაბონის გეოგრაფიაში (ახალი კომენტარები) :
Remainder of title შრომები. ტომი I /
Statement of responsibility, etc რედაქტორები: დარეჯან კაჭარავა , გურამ კვირკველია, ნინო ლორთქიფანიძე; გამომცემლები: ნინო ანდრონიკაშვილი, მაგდა ცოცხალაშვილი, მაია წულუკიძე, ირაკლი ხუციშვილი.
264 ## - წარმოების, გამოცემის, დისტრიბუციის და სხვა ცნობები
გამოცემის, წარმოების, დისტრიბუციის... ადგილი თბილისი :
გამოცემის, წარმოების, დისტრიბუციის... სახელწოდება დაიბეჭდა შპს "ფავორიტი პრინტში" ,
გამოცემის, წარმოების, დისტრიბუციის... თარიღი 2010.
300 ## - ფიზიკური აღწერა
Extent 296გვ.;
Other physical details + რუკა.
Dimensions 24 სმ.
501 ## - შენიშვნა თანმხლებ მასალაზე
With note საძიებელი გვ. 282-296
504 ## - BIBLIOGRAPHY, ETC. NOTE
Bibliography, etc ბიბლიოგრ. გვ. 250-282
653 ## - INDEX TERM--UNCONTROLLED
Uncontrolled term კოლხეთის ისტორია სტრაბონის მიხედვით
653 ## - INDEX TERM--UNCONTROLLED
Uncontrolled term კოლხეთის გეოგრაფია.
653 ## - INDEX TERM--UNCONTROLLED
Uncontrolled term შრომები
700 ## - ADDED ENTRY--PERSONAL NAME
Personal name კაჭარავა, დარეჯან
Relator term რედაქტორი
9 (RLIN) 18309
700 ## - ADDED ENTRY--PERSONAL NAME
Personal name კვირკველია, გურამ
Relator term რედაქტორი.
9 (RLIN) 18310
700 ## - ADDED ENTRY--PERSONAL NAME
Personal name ლორთქიფანიძე , ნინო
Relator term რედაქტორი
9 (RLIN) 17544
942 ## - ADDED ENTRY ELEMENTS (KOHA)
Source of classification or shelving scheme
Koha item type წიგნი
ეგზემპლარები
ჩამოწერის სტატუსი დაკარგული ეგზემპლარის სტატუსი კლასიფიკაციის წყარო ან თაროზე გაწყობის სქემა დაზიანების სტატუსი არ გაიცემა მუდმივი მდებარეობა (დაცვის ადგილი) ამჟამინდელი ადგილსამყოფელი თაროზე განთავსების ადგილი შეძენის თარიღი ღირებულება, შესყიდვის ნორმალური ფასი სრული შენახვის შიფრი შტრიხკოდი ბოლო ოპერაციის თარიღი ეგზემპლარის მიმდევრობითი ნომერი (კეტერი?) Uniform Resource Identifier ფასის ძალაში შესვლის თარიღი ეგზემპლარის სახეობა საჯარო შენიშვნა
          ბათუმის შოთა რუსთაველის სახელმწიფო უნივერსიტეტის მთავარი ბიბლიოთეკა ბათუმის შოთა რუსთაველის სახელმწიფო უნივერსიტეტის მთავარი ბიბლიოთეკა წიგნსაცავი 2023-05-30 12.00 94(395.3)+39(=353.1) ლ-85 64492 2023-05-30 64492 ბსუ-ს საპატიო დოქტორის გურამ ლორთქიფანიძის საჩუქარი 2023-05-30 წიგნი 12 ლ.